| 000 | 00427nam a22001577a 4500 | ||
|---|---|---|---|
| 005 | 20260219102814.0 | ||
| 008 | 260219b |||||||| |||| 00| 0 eng d | ||
| 020 | _a9781599794525 | ||
| 050 |
_aBV4599.5 .P75 _b.H34 |
||
| 100 | _aHAGEE, JOHN | ||
| 245 | _aLIFE'S CHALLENGES YOUR OPPORTUNITIES | ||
| 260 |
_aFLORIDA _bCHARISMA HOUSE _c2009 |
||
| 300 | _aVII, 242p. | ||
| 650 |
_aPROBLEM SOLUTION _vCHRISTAN THEOLOGY |
||
| 942 | _cBK | ||
| 999 |
_c4545 _d4545 |
||